<The> Eastern Caribbean Economic and Currency Union macroeconomics and financial systems

Guardado en:
Detalles Bibliográficos
Otros Autores: Schipke, Alfred, Cebotari, Aliona, Thacker, Nita
Formato: Libro
Lenguaje:inglés
Publicado: Washington, D.C. International Monetary Fund 2013
Materias:
Etiquetas: Agregar Etiqueta
Sin Etiquetas, Sea el primero en etiquetar este registro!

MARC

LEADER 00000nam a2200000 4500
001 0203995
005 20240311131209.5
020 |a 978-1-61635-265-3 
041 0 |a eng 
044 |a US 
245 1 0 |a <The> Eastern Caribbean Economic and Currency Union  |b macroeconomics and financial systems  |c editors: Alfred Schipke, Aliona Cebotari and Nita Thacker 
264 1 |a Washington, D.C.  |b International Monetary Fund  |c 2013 
300 |a xviii, 527 s. 
610 2 0 |a únie hospodárske 
610 2 0 |a rozvoj hospodársky 
610 2 0 |a Karibská oblasť 
610 2 0 |a politika finančná 
610 2 0 |a politika fiškálna 
610 2 0 |a politika hospodárska 
610 2 0 |a bankovníctvo 
610 2 0 |a ukazovatele ekonomické 
610 2 0 |a kurz výmenný 
610 2 0 |a ukazovatele štatistické 
610 2 0 |a štatistika ekonomická 
700 1 |a Schipke, Alfred 
700 1 |a Cebotari, Aliona 
700 1 |a Thacker, Nita